000 00313nam a22001337a 4500
008 171003b xxu||||| |||| 00| 0 eng d
020 _a9780899708928
041 _aeng
080 _a159.9
100 _a48
101 _aPSI
245 _aPSYCHIATRY FOR PRIMARY CARE PHYSICIANS
_cGOLDMAN,L.S
942 _2udc
_cBK
999 _c31486
_d31486